Квиз о Хондурасу - Statistics

General Stats
  • This quiz has been taken 58 times
  • The average score is 9 of 19
Answer Stats
Опис Одговор % Correct
Државе са којима се граничи Гватемала
91%
Државе са којима се граничи Ел Салвадор
91%
Званичан језик Шпански
89%
Море на које излази Карипско море
85%
Државе са којима се граничи Никарагва
85%
Први Европљанин који је стигао до Хондураса Кристифор Колумбо
70%
Назив за нестабилну државу пуну корупције коју користе компаније за своју корист (оригинално настао да се опише Хондурас) {Банана} република
60%
Главни град Тегусигалпа
55%
Кратки рат из 1969. који је Хондурас водио са државом #2 {Фудбалски} рат
55%
Цивилизација која је изградила град Копан, чије су рушевине под УНЕСКО-вом заштитом Маје
51%
Део Хондураса који лежи уз обалу овог мора (код нас је преведена по једном инсекту) Обала {комараца}
45%
Заливи на које излази Хондурас
23%
Надимак за град изнад Светска престоница {убистава}
19%
Заливи на које излази Фонсека
15%
Државна валута Лемпира
15%
Други највећи град Сан Педро Сула
9%
Значење речи "Хондурас" у том језику Дубине
9%
Национална птица Ара
6%
Три врсте мајмуна које се могу наћи у Хондурас (именуј било коју) Паук | Дрекавац | Капуцин
6%
No matching quizzes found
Score Distribution
Percent of People with Each Score
Percentile by Number Answered
Your Score History
You have not taken this quiz